उपभोग संस्कृति, बाजार और बचपन (Record no. 1011130)
[ view plain ]
| 000 -LEADER | |
|---|---|
| fixed length control field | 01112nam a2200289Ia 4500 |
| 003 - CONTROL NUMBER IDENTIFIER | |
| control field | OSt |
| 005 - DATE AND TIME OF LATEST TRANSACTION | |
| control field | 20221005103852.0 |
| 008 - FIXED-LENGTH DATA ELEMENTS--GENERAL INFORMATION | |
| fixed length control field | 221004b |||||||| |||| 00| 0 hin d |
| 020 ## - INTERNATIONAL STANDARD BOOK NUMBER | |
| International Standard Book Number | 9788192077840 (hbk) |
| 037 ## - SOURCE OF ACQUISITION | |
| Terms of availability | Textual |
| 040 ## - CATALOGING SOURCE | |
| Original cataloging agency | CRL |
| Transcribing agency | CRL |
| Language of cataloging | hin |
| 041 ## - LANGUAGE CODE | |
| Source of code | hin |
| Language code of text/sound track or separate title | hin |
| 100 ## - MAIN ENTRY--PERSONAL NAME | |
| Personal name | गुप्ता, रीनू |
| 245 #0 - TITLE STATEMENT | |
| Title | उपभोग संस्कृति, बाजार और बचपन |
| 246 ## - VARYING FORM OF TITLE | |
| Title proper/short title | Upabhog sanskṛuti, bājār aur bachapana |
| 260 ## - PUBLICATION, DISTRIBUTION, ETC. | |
| Place of publication, distribution, etc. | दिल्ली |
| Name of publisher, distributor, etc. | ऐप्पल बुक भारत |
| Date of publication, distribution, etc. | 2013 |
| 300 ## - PHYSICAL DESCRIPTION | |
| Extent | 274पृ0 |
| Dimensions | cm. |
| 650 ## - SUBJECT ADDED ENTRY--TOPICAL TERM | |
| Topical term or geographic name entry element | अर्थशास्त्र |
| 700 ## - ADDED ENTRY--PERSONAL NAME | |
| Personal name | त्रिपाठी, आदित्य पी. |
| 700 ## - ADDED ENTRY--PERSONAL NAME | |
| Personal name | शुक्ला, प्रीति |
| 942 ## - ADDED ENTRY ELEMENTS (KOHA) | |
| Classification part | X.2, 152Q3 |
| Koha item type | Textual |
| Source of classification or shelving scheme | |
| Withdrawn status | Lost status | Damaged status | Not for loan | Home library | Current library | Date acquired | Source of acquisition | Total Checkouts | Full call number | Barcode | Date due | Date last seen | Date last checked out | Price effective from | Koha item type |
|---|---|---|---|---|---|---|---|---|---|---|---|---|---|---|---|
| Central Library | Central Library | 2022-10-05 | Gift, 08/12/2014, | 3 | X.2 152Q3 | CL1516441 | 2024-12-23 | 2026-01-07 | 2026-01-07 | 2022-10-05 | Textual |
